| 000 | 00485nab a2200145Ia 4500 | ||
|---|---|---|---|
| 003 | ES-SlBCS | ||
| 005 | 20210603202304.0 | ||
| 008 | 140529s2001 xxu||||| |||| 00| 0 eng d | ||
| 041 | _aeng | ||
| 100 | 1 |
_aPakaluk, Michael _9131288 |
|
| 245 | 0 | 0 |
_aIs the Common Good of Political Society Limited and Instrmental? _c Michael Pakaluk |
| 650 | 0 | 4 |
_aBienes Comunes-Sociedad Política _9159266 |
| 773 | 0 |
_tReview of Methaphysics _gvol. 55/1, nº. 217, 2001, págs. 57-94 _wRev843 |
|
| 942 | _cAR | ||
| 999 |
_c531184 _d531184 |
||